000 00447nam a2200205Ia 4500
001 11767
003 GE_BSU
008 181216s||||||||xx |||||||||||||| ||und||
020 _a9780099545736
040 _cGE_BSU
080 _a821.111-319.4
100 _aCooper,Glenn
245 4 _aThe Devil Will Come
260 _aLondon
260 _bArrow Books
260 _c2011
300 _a440p.20cm.
653 _aThe Devil Will Come
942 _cBK
999 _c44946
_d44946